Riconosci la Squadra di calcio - Quiz n°86 - Statistics

Statistiche generali
  • Questo quiz è stato fatto 6 volte
  • Il punteggio medio è 5 su 10
Statistiche sulle risposte
Indizio Risposta % Corretto
Colori sociali Bianco, blu, giallo
100%
Titoli nazionali 3 Titoli d'Inghilterra
83%
Simboli Pavone
83%
Divisione nazionale 2023-2024 Seconfa
50%
Trofei nazionali 1 Coppa d'Inghilterra1 Coppa di Lega inglese 2 Community Shield
33%
Trofei internazionali 2 Coppe delle Fiere
33%
Confederazione UEFA
33%
Fondazione 1919
17%
Capienza Stadio 37 890 posti
17%
Squadra Leeds United
17%
Nessun quiz corrispondente trovato
Distribuzione punteggi
Percentuale di utenti per punteggio
Percentile per numero di risposta
I tuoi punteggi nel tempo
Non hai fatto questo quiz